Sermones predicados en las solemnes funciones que con honor del santísimo sacramento ha celebrado la Real archicofradía de las...

Detalles Bibliográficos
Autor principal: SANZ Y FLORES
Formato: Libro
Publicado: Madrid 1862
Materias:
Colección:Banco de datos
Acervo:Biblioteca del Ex Convento de Nuestra Señora de Guadalupe. Zacatecas
Tema general:Homilética
Notas:Buena. XI,7,47(3720). Sin marca de fuego
LEADER 00744nam a22001930004500
035 |a 42737 
036 |a 3921 
100 1 |a SANZ Y FLORES 
245 1 0 |a Sermones predicados en las solemnes funciones que con honor del santísimo sacramento ha celebrado la Real archicofradía de las... 
260 |a Madrid  |b Aguado  |c 1862 
500 |a Buena. XI,7,47(3720). Sin marca de fuego 
650 1 0 |a Homilética 
949 |a CRZ-CG 
959 |a Ex convento de Nuestra Señora de Guadalupe, Museo Regional de Zacatecas, Zacatecas  |b CCC4 
960 |a Convento de Nuestra Señora de Guadalupe, Zacatecas  |b DD87 
961 |a Franciscana  |b OF 
942 |c CRZ-CG 
943 |g Biblioteca del Ex Convento de Nuestra Señora de Guadalupe. Zacatecas 
999 |c 966864  |d 966864